| 000 | 00751nam a2200217Ia 4500 | ||
|---|---|---|---|
| 003 | OSt | ||
| 005 | 20211006125054.0 | ||
| 008 | 210310s1984 ck gr 000 0 spa d | ||
| 040 |
_aCO-JMCR _cCO-JMCR |
||
| 041 | 0 | _aspa | |
| 082 | 0 | 4 |
_a338.13 / _bC822m _223 |
| 110 | 2 |
_aColombia. _bCorporación Autónoma Regional de Cauca, Oficina de Planeación _940977 |
|
| 245 | 1 | 0 |
_aManual de costos de producción agropecuaria 1983 / _cCorporación Autónoma Regional de Cauca |
| 260 |
_c1984 _aCauca, Colombia : _bCVC, |
||
| 300 |
_a114 páginas ; _c19 cm. |
||
| 505 | 0 | _aZona plana. -- Zona ladera. | |
| 650 | 1 | 4 |
_aAgricultura _xManual de costos _940978 |
| 650 | 2 | 4 |
_aEconomía agrícola _937897 |
| 650 | 2 | 4 |
_aCaña de azúcar _940979 |
| 942 |
_2ddc _cBK |
||
| 999 |
_c12594 _d12594 |
||